000 00621cam a22002053a 4500
001 44959
003 PGUSA
005 20140828084027.0
008 140218s2014||||xxu|||||s|||||000 | eng d
040 _aPGUSA
_beng
042 _adc
100 1 _aScargill, William Pitt
245 1 0 _aTales of My Time, Vol. II (of 3) :
_bWho Is She; The Young Reformers
_h[electronic resource] /
_cWilliam Pitt Scargill
260 _bProject Gutenberg,
_c2014
506 _aPublic domain in the USA.
516 _aElectronic text
830 0 _aProject Gutenberg
_v44959
856 4 0 _uhttp://www.gutenberg.org/ebooks/44959
942 _cEB
999 _c274210
_d274210